000 00591nam a2200217 a 4500
001 18768
003 CO-ViMGA
008 141112s2004 ck r 000 u spa d
020 _a8478886141
040 _aCO-ViMGA
_bspa
_cCO-ViMGA
082 0 4 _a823.91 R685c
100 1 _aRowling, J.K.
_926761
245 1 0 _aHarry Potter; y la cámara secreta
250 _a11
260 _aBarcelona :
_bEdiciones Salamandra S.A.,
_c2002
300 _a286 p.
590 _aForma de adquisición : Premio Min - cultua
650 1 4 _aMAGIA - NOVELAS
_926762
650 1 4 _aNOVELA INGLESA
942 _2ddc
_cBK
999 _c27998
_d27998